Uplatnenie softvérových riešení pri využití účtovných informácií
Význam účtovných informácií a ich automatizované spracovanie. Miera uplatnenia účtovných softvérov a znalostí a zručností manažérov na Slovensku pri práci s vybranými najpoužívanejšími ekonomickými softvérmi - informačná a účtovná gramotnosť manažérov.
Salvato in:
| Autore principale: | |
|---|---|
| Altri autori: | , |
| Natura: | Capitolo di libro |
| Lingua: | slovacco |
| Soggetti: | |
| Tags: |
Nessun Tag, puoi essere il primo ad aggiungerne!!
|
MARC
| LEADER | 00000nla a2200000 4500 | ||
|---|---|---|---|
| 001 | 0239196 | ||
| 005 | 20240502083641.9 | ||
| 041 | 0 | |a slo | |
| 044 | |a CZ | ||
| 245 | 1 | 0 | |a Uplatnenie softvérových riešení pri využití účtovných informácií |c Vladimír Bolek, Anna Látečková, Zuzana Bigasová |
| 520 | |a Význam účtovných informácií a ich automatizované spracovanie. Miera uplatnenia účtovných softvérov a znalostí a zručností manažérov na Slovensku pri práci s vybranými najpoužívanejšími ekonomickými softvérmi - informačná a účtovná gramotnosť manažérov. | ||
| 610 | 2 | 0 | |a konkurencieschopnosť |
| 610 | 2 | 0 | |a podnik |
| 610 | 2 | 0 | |a riadenie |
| 610 | 2 | 0 | |a manažment |
| 610 | 2 | 0 | |a manažment informačný |
| 610 | 2 | 0 | |a manažéri |
| 610 | 2 | 0 | |a rozhodovanie |
| 610 | 2 | 0 | |a rozhodovanie manažérske |
| 610 | 2 | 0 | |a účtovníctvo |
| 610 | 2 | 0 | |a informácie účtovné |
| 610 | 2 | 0 | |a informácie |
| 610 | 2 | 0 | |a spracovanie dát |
| 610 | 2 | 0 | |a spracovanie dát automatické |
| 610 | 2 | 0 | |a softvér |
| 610 | 2 | 0 | |a programy |
| 610 | 2 | 0 | |a programy počítačové |
| 610 | 2 | 0 | |a vedomosti |
| 610 | 2 | 0 | |a zručnosti |
| 610 | 2 | 0 | |a gramotnosť informačná |
| 610 | 2 | 0 | |a Slovensko |
| 100 | 1 | |a Bolek, Vladimír, 1988- | |
| 700 | 1 | |a Látečková, Anna | |
| 700 | 1 | |a Bigasová, Zuzana | |